|
|
|
|
| LEADER |
01201nam a22002417a 4500 |
| 001 |
29208 |
| 003 |
BD-DhAAL |
| 005 |
20180412120838.0 |
| 008 |
150507s2012 bg a 000 0 ben |
| 999 |
|
|
|c 34372
|d 34372
|
| 020 |
|
|
|a 9847012002216
|
| 040 |
|
|
|a BD-DhAAL
|c BD-DhAAL
|
| 041 |
|
|
|a eng
|a ben
|
| 082 |
|
|
|a 891.4416
|
| 100 |
1 |
|
|a দাশ, জীবনানন্দ।
|9 10918
|
| 245 |
|
|
|a শ্রেষ্ঠ কবিতা /
|c জীবনানন্দ দাশ; মিজান রহমান কর্তৃক সংকলিত ও সম্পাদিত
|
| 260 |
|
|
|a ঢাকাঃ
|b কথাপ্রকাশ,
|c ২০১২
|
| 300 |
|
|
|a ১২৮ পৃষ্ঠা :
|b চিত্র ;
|c ২৩ সে.মি.
|
| 541 |
|
|
|e 29208
|
| 600 |
1 |
0 |
|a দাশ, জীবনানন্দ
|d ১৮৯৯-১৯৫৪.
|9 3090
|
| 700 |
1 |
0 |
|a রহমান, মিজান (সংকলন ও সম্পাদক)
|9 3091
|
| 942 |
|
|
|2 ddc
|c BK
|
| 952 |
|
|
|0 0
|1 0
|2 ddc
|4 0
|6 891_441600000000000_DAS
|7 0
|9 53669
|a BRACUL
|b BRACUL
|c GEN
|d 2015-05-07
|e BRAC Institute of Language (BIL)
|l 1
|m 30
|o 891.4416 DAS
|p 3010029208
|r 2025-07-03
|s 2024-10-28
|t 1
|w 2015-05-07
|y BK
|x Transferred from BIL to BRACUL on 06/06/22
|